Plácido Fleitas (Record no. 57399)

MARC details
000 -LEADER
campo de control de longitud fija 00622nam a2200193 i 4500
001 - NÚMERO DE CONTROL
campo de control 57399
003 - IDENTIFICADOR DE NÚMERO DE CONTROL
campo de control ES-MaACL
005 - FECHA Y HORA DE LA ÚLTIMA TRANSACCIÓN
campo de control 20250811075335.0
007 - CAMPO FIJO DE DESCRIPCIÓN FÍSICA--INFORMACIÓN GENERAL
campo de control de longitud fija t|
008 - DATOS DE LONGITUD FIJA--INFORMACIÓN GENERAL
campo de control de longitud fija 031016s1950 sp ||||1| spa d
100 1# - ENTRADA PRINCIPAL--NOMBRE DE PERSONA
Nombre de persona Doreste, Ventura
9 (RLIN) 45393
245 10 - MENCIÓN DEL TÍTULO
Título Plácido Fleitas
Resto del título : un estudio sobres su obra /
Mención de responsabilidad, etc. Ventura Doreste.
260 ## - PUBLICACIÓN, DISTRIBUCIÓN, ETC.
Lugar de publicación, distribución, etc. [S.l. :
Nombre del editor, distribuidor, etc. s.n.,
Fecha de publicación, distribución, etc. 1950] (
Fabricante Saavedra y Cía)
300 ## - DESCRIPCIÓN FÍSICA
Extensión 14 p., 8 lám. ;
Dimensiones 25 cm.
490 1# - MENCIÓN DE SERIE
Mención de serie Los arqueros. Cuadernos de Arte ;
Designación de volumen o secuencia 1
830 04 - PUNTO DE ACCESO ADICIONAL DE SERIE-TÍTULO UNIFORME
Título uniforme Los arqueros.
Nombre de parte o sección de la obra Cuadernos de arte
Designación de volumen o secuencia 1
9 (RLIN) 230431
852 ## - LOCALIZACIÓN
Ubicación ES-MaACL
Número de control de estantería 1928-F-23
Sublocalización o colección R.31244
Holdings
Estatus retirado Estado de pérdida Estado de daño No para préstamo Colección Biblioteca de origen Biblioteca actual Ubicación en estantería Fecha de adquisición Fuente de adquisición Total de préstamos Signatura topográfica completa Código de barras Visto por última vez Precio de reemplazo Tipo de ítem Koha
        Colección de folletos Biblioteca del Ateneo de Madrid Biblioteca del Ateneo de Madrid Depósito folletos 17/01/2008     1928-F-23 1060261 23/02/2023 23/02/2023 Folleto